[Event "Backa Topola-ch"]
[Site "Backa Topola"]
[Date "2019.12.11"]
[Round "8"]
[White "Bicskei, Mihaly"]
[Black "Vlahovic, Ljubo"]
[Result "0-1"]
[WhiteElo "1928"]
[BlackElo "1961"]
[PlyCount "94"]
[EventDate "2019.11.25"]
[EventType "swiss"]
[EventRounds "9"]
[EventCountry "SRB"]
[SourceTitle "CBM 193 Extra"]
[Source "ChessBase"]
[SourceDate "2020.01.31"]
[SourceVersion "1"]
[SourceVersionDate "2020.01.31"]
[SourceQuality "1"]

1. e4 c5 2. Nf3 Nc6 3. d4 cxd4 4. Nxd4 g6 5. Nc3 Bg7 6. Be3 Nf6 7. Be2 0-0 8. 0-0 d5 9. Nxc6 bxc6 10. e5 Nd7 11. f4 e6 12. Na4 Qa5 13. c3 Ba6 14. Bxa6 Qxa6 15. b3 Rfd8 16. Qc2 Bf8 17. b4 Qb5 18. Nb2 c5 19. a4 Qb7 20. b5 c4 21. Rfb1 Nc5 22. Bd4 Nb3 23. Ra2 a6 24. bxa6 Rxa6 25. Nd1 Qc6 26. a5 Rxa5 27. Rxa5 Nxa5 28. Rb6 Qa8 29. g4 Nb3 30. f5 Bc5 31. Bxc5 Nxc5 32. Nf2 Nd7 33. Rb1 Nxe5 34. Qe2 Rb8 35. Re1 f6 36. g5 exf5 37. gxf6 Re8 38. Kf1 Kf7 39. Qe3 Nd3 40. Nxd3 Rxe3 41. Rxe3 Kxf6 42. Nf2 Qa1+ 43. Kg2 d4 44. cxd4 Qxd4 45. Re2 c3 46. Kf1 Qc4 47. Ke1 c2 0-1

[Event "Subotica City-ch"]
[Site "Subotica"]
[Date "2019.03.15"]
[Round "9"]
[White "Pajzer, Istvan"]
[Black "Bicskei, Mihaly"]
[Result "1-0"]
[WhiteElo "2045"]
[BlackElo "1892"]
[PlyCount "133"]
[EventDate "2019.02.25"]
[EventType "swiss"]
[EventRounds "9"]
[EventCountry "SRB"]
[SourceTitle "CBM 189 Extra"]
[Source "ChessBase"]
[SourceDate "2019.06.03"]
[SourceVersion "1"]
[SourceVersionDate "2019.06.03"]
[SourceQuality "1"]

1. d4 Nf6 2. c4 e6 3. Nc3 b6 4. e4 Bb7 5. Bd3 d6 6. f4 c5 7. d5 exd5 8. cxd5 Nbd7 9. Nf3 a6 10. a4 Qc7 11. b3 g6 12. Bb2 Bg7 13. Qe2 0-0 14. 0-0-0 Rfe8 15. Qd2 c4 16. bxc4 Nc5 17. Qc2 Nxd3+ 18. Qxd3 Ng4 19. Rhf1 Rac8 20. Nd2 Qc5 21. Rde1 b5 22. axb5 axb5 23. h3 bxc4 24. Qg3 Nf6 25. f5 Nd7 26. fxg6 hxg6 27. Nf3 Ne5 28. Nxe5 Bxe5 29. Qf3 Rf8 30. Re2 Rb8 31. Rc2 Ba6 32. g4 Qa5 33. Kd2 Rb3 34. h4 Qb4 35. Ba1 Bb5 36. Qe3 Bd7 37. h5 Bxg4 38. hxg6 f5 39. Qh6 Qb7 40. Qg5 Qg7 41. exf5 Bh3 42. Rf3 Qh8 43. Ra2 Bg7 44. Kc2 Bh6 45. Rxh3 Bxg5 46. Rxh8+ Kxh8 47. Ne4+ Kg8 48. Nxg5 Rxf5 49. Ra8+ Rf8 50. Rxf8+ Kxf8 51. Ne6+ Kg8 52. Bc3 Rb5 53. Nf4 Rb3 54. Kd2 Rb1 55. Ke3 Rf1 56. Ke4 Rc1 57. Kd4 Rf1 58. Ne6 Rg1 59. Nf4 Kg7 60. Kxc4+ Kh6 61. g7 Kh7 62. Ne6 Rc1 63. Nc7 Rg1 64. Ne8 Rg6 65. Kb5 Kg8 66. Kc6 Rg3 67. Nf6+ 1-0

[Event "Subotica City-ch"]
[Site "Subotica"]
[Date "2019.03.04"]
[Round "4"]
[White "Fatyol, Istvan"]
[Black "Bicskei, Mihaly"]
[Result "0-1"]
[WhiteElo "1951"]
[BlackElo "1892"]
[PlyCount "74"]
[EventDate "2019.02.25"]
[EventType "swiss"]
[EventRounds "9"]
[EventCountry "SRB"]
[SourceTitle "CBM 189 Extra"]
[Source "ChessBase"]
[SourceDate "2019.06.03"]
[SourceVersion "1"]
[SourceVersionDate "2019.06.03"]
[SourceQuality "1"]

1. e4 d6 2. d4 a6 3. Nf3 g6 4. Bd3 Bg7 5. Be3 Nf6 6. h3 b5 7. Nbd2 Bb7 8. c3 Nbd7 9. 0-0 0-0 10. Nh2 e5 11. a4 c6 12. f4 exd4 13. cxd4 Qe7 14. Qf3 Rae8 15. Rfe1 Qd8 16. Ng4 Qc7 17. Rec1 Qb8 18. f5 Nxg4 19. hxg4 f6 20. fxg6 hxg6 21. Qh3 Kf7 22. g5 Re7 23. Rf1 Ke8 24. Qh7 fxg5 25. Qxg6+ Kd8 26. Bxg5 Bxd4+ 27. Kh2 Rh8+ 28. Kg3 Be5+ 29. Kf3 Rhe8 30. Ke2 Kc7 31. Bxe7 Rxe7 32. axb5 axb5 33. g4 Bxb2 34. Ra2 Qh8 35. Rf7 Qh2+ 36. Kd1 Qg1+ 37. Kc2 Qc1+ 0-1

[Event "Subotica-ch op"]
[Site "Subotica"]
[Date "2017.03.13"]
[Round "9"]
[White "Jancikin, Svetozar"]
[Black "Bicskei, Mihaly"]
[Result "1/2-1/2"]
[WhiteElo "1946"]
[BlackElo "1853"]
[PlyCount "99"]
[EventDate "2017.02.22"]
[EventType "swiss"]
[EventRounds "9"]
[EventCountry "SRB"]
[SourceTitle "CBM 177 Extra"]
[Source "ChessBase"]
[SourceDate "2017.04.27"]
[SourceVersion "1"]
[SourceVersionDate "2017.04.27"]
[SourceQuality "1"]

1. e4 c5 2. Nf3 g6 3. d4 Bg7 4. c3 cxd4 5. cxd4 Nf6 6. Nc3 d6 7. h3 0-0 8. Bc4 Nc6 9. a3 a6 10. Be3 b5 11. Ba2 e6 12. Rc1 Bb7 13. b4 Rc8 14. Qd3 d5 15. e5 Nd7 16. Qd2 Nb6 17. Bh6 Nc4 18. Bxc4 dxc4 19. Bxg7 Kxg7 20. 0-0 Ne7 21. Nh2 Nf5 22. Rcd1 Qe7 23. Ng4 Rfd8 24. Qf4 Qh4 25. Kh2 g5 26. Qc1 Rxd4 27. Rxd4 Nxd4 28. f4 Nf5 29. Ne2 Rd8 30. fxg5 Rd3 31. Nf2 Ng3 32. Nxd3 Nxf1+ 33. Qxf1 cxd3 34. Qf6+ Kg8 35. Ng3 Bd5 36. Nf1 Qe4 37. Qf2 Qxe5+ 38. Kg1 Qxg5 39. Ne3 Bc4 40. h4 Qg7 41. Qf4 h6 42. Ng4 f5 43. Nf2 Bd5 44. g3 Qa1+ 45. Kh2 Qf1 46. Qb8+ Kg7 47. Qc7+ Kf6 48. Qd8+ Ke5 49. Qh8+ Kd6 50. Qd8+ 1/2-1/2

[Event "Subotica-ch op"]
[Site "Subotica"]
[Date "2017.03.03"]
[Round "5"]
[White "Bicskei, Mihaly"]
[Black "Salgo, Sandor"]
[Result "0-1"]
[WhiteElo "1853"]
[BlackElo "2009"]
[PlyCount "118"]
[EventDate "2017.02.22"]
[EventType "swiss"]
[EventRounds "9"]
[EventCountry "SRB"]
[SourceTitle "CBM 177 Extra"]
[Source "ChessBase"]
[SourceDate "2017.04.27"]
[SourceVersion "1"]
[SourceVersionDate "2017.04.27"]
[SourceQuality "1"]

1. e4 d5 2. exd5 Qxd5 3. Nc3 Qa5 4. b4 Qe5+ 5. Nge2 c6 6. d4 Qd6 7. Rb1 g6 8. Bf4 Qd8 9. g3 Bg7 10. Bg2 Nd7 11. 0-0 Ngf6 12. b5 c5 13. dxc5 e5 14. Be3 Qc7 15. c6 Nb6 16. Bc5 Bf8 17. Bxf8 Kxf8 18. Qd2 Kg7 19. Rfd1 Nc4 20. Qc1 Rb8 21. Rb4 Be6 22. Ra4 Qb6 23. cxb7 Ng4 24. Rf1 Rhd8 25. Ra6 Qc5 26. Rc6 Qb4 27. h3 Nf6 28. Rd1 Rxd1+ 29. Qxd1 Qe7 30. Ra6 Rd8 31. Qc1 Qc5 32. Rc6 Qb4 33. Kh2 Rb8 34. a4 Na5 35. Ra6 Nxb7 36. Qe3 Nc5 37. Rxa7 Bc4 38. Qxe5 Re8 39. Qd4 Ne6 40. Qd1 Qc5 41. Ra6 Qxf2 42. Qg1 Qf5 43. Rc6 Bxe2 44. Nxe2 Qe5 45. Nc3 h5 46. h4 Ng4+ 47. Kh3 Rd8 48. Nb1 Rd1 49. Rxe6 Qxe6 50. Qc5 Rxb1 51. Qd4+ Ne5+ 52. Kh2 Qf6 53. Qf4 Qd6 54. Be4 Qd4 55. Bd3 Ng4+ 56. Kg2 Rg1+ 57. Kf3 Nh2+ 58. Ke2 Rg2+ 59. Kd1 Qa1+ 0-1

[Event "Subotica-ch"]
[Site "Subotica"]
[Date "2015.03.06"]
[Round "9"]
[White "Solymosi, Andras"]
[Black "Bicskei, Mihaly"]
[Result "1-0"]
[WhiteElo "1957"]
[BlackElo "1792"]
[PlyCount "91"]
[EventDate "2015.02.16"]
[EventType "swiss"]
[EventRounds "9"]
[EventCountry "SRB"]
[SourceTitle "CBM 165 Extra"]
[Source "ChessBase"]
[SourceDate "2015.04.21"]
[SourceVersion "1"]
[SourceVersionDate "2015.04.21"]
[SourceQuality "1"]

1. c4 g6 2. Nf3 Bg7 3. g3 Nf6 4. Bg2 0-0 5. 0-0 c5 6. Nc3 Nc6 7. d4 cxd4 8. Nxd4 a6 9. Rb1 Nxd4 10. Qxd4 d6 11. Qd3 Qc7 12. Bd2 Rb8 13. Rbc1 Bd7 14. b3 Rfe8 15. Nd5 Qd8 16. Be3 Nxd5 17. cxd5 Bf5 18. Qd2 Qd7 19. Bd4 Rbc8 20. Bxg7 Kxg7 21. Rfe1 Rxc1 22. Rxc1 Rc8 23. e4 Bh3 24. Rxc8 Qxc8 25. Bxh3 Qxh3 26. Qc3+ Kg8 27. Qc7 Qg4 28. Qxe7 Qf3 29. Qh4 h5 30. Qf4 Qe2 31. Kg2 Kg7 32. h4 b6 33. Qf3 Qb2 34. Qe3 Qe5 35. Qf4 f6 36. Qxe5 fxe5 37. f4 Kf6 38. Kf3 b5 39. a4 bxa4 40. bxa4 a5 41. Ke3 exf4+ 42. gxf4 Ke7 43. Kd4 Kf6 44. e5+ Ke7 45. Ke4 Kd7 46. e6+ 1-0

[Event "Subotica-ch"]
[Site "Subotica"]
[Date "2015.02.16"]
[Round "1"]
[White "Skenderovic, Nikola"]
[Black "Bicskei, Mihaly"]
[Result "0-1"]
[WhiteElo "1530"]
[BlackElo "1792"]
[PlyCount "52"]
[EventDate "2015.02.16"]
[EventType "swiss"]
[EventRounds "9"]
[EventCountry "SRB"]
[SourceTitle "CBM 165 Extra"]
[Source "ChessBase"]
[SourceDate "2015.04.21"]
[SourceVersion "1"]
[SourceVersionDate "2015.04.21"]
[SourceQuality "1"]

1. e4 c5 2. Nc3 Nc6 3. g3 g6 4. Bg2 Bg7 5. d3 d6 6. Nge2 Nf6 7. 0-0 0-0 8. h3 a6 9. a4 e6 10. Be3 Qc7 11. d4 cxd4 12. Nxd4 Bd7 13. f4 Rac8 14. Qd2 Na5 15. Qd3 Nc4 16. Bc1 Nxe4 17. Qxe4 Qc5 18. Nce2 e5 19. Kh1 exd4 20. Qxb7 Bc6 21. Qxa6 Bxg2+ 22. Kxg2 Qd5+ 23. Kh2 Qe4 24. Ng1 Qxc2+ 25. Kh1 d3 26. b3 Bxa1 0-1

[Event "HUN-chT2 Toth 1314"]
[Site "Hungary"]
[Date "2014.03.02"]
[Round "8.6"]
[White "Bicskei, Mihaly"]
[Black "Retkes, Peter"]
[Result "1-0"]
[WhiteElo "1858"]
[BlackElo "1861"]
[PlyCount "81"]
[EventDate "2013.09.08"]
[EventType "team-tourn"]
[EventRounds "11"]
[EventCountry "HUN"]
[SourceTitle "EXT 2016"]
[Source "ChessBase"]
[SourceDate "2015.10.08"]
[SourceVersion "1"]
[SourceVersionDate "2015.10.08"]
[SourceQuality "1"]
[WhiteTeam "Csongrad Felegyhaza"]
[BlackTeam "Roszke"]
[WhiteTeamCountry "HUN"]
[BlackTeamCountry "HUN"]

1. e4 c6 2. d4 Na6 3. c4 g6 4. Nc3 Bg7 5. Be3 Nc7 6. d5 d6 7. Qd2 Bd7 8. Bd3 c5 9. f4 b6 10. Nf3 Nh6 11. h3 f6 12. 0-0-0 Nf7 13. g4 Rb8 14. f5 g5 15. h4 gxh4 16. Rxh4 b5 17. Rdh1 bxc4 18. Bxc4 Bb5 19. Bxb5+ Nxb5 20. Nxb5 Rxb5 21. Rxh7 Kd7 22. Rxh8 Bxh8 23. Qc2 Qb8 24. Qa4 Kc7 25. b3 Kd8 26. g5 Rb4 27. Qa5+ Kd7 28. g6 Ng5 29. Bxg5 fxg5 30. Nxg5 Rc4+ 31. Kd1 Bc3 32. Qa6 Rd4+ 33. Ke2 Rd2+ 34. Ke3 Ke8 35. Qc6+ Kf8 36. Qd7 Bd4+ 37. Kf3 Rf2+ 38. Kg3 Rxa2 39. Ne6+ Kg8 40. Nxd4 cxd4 41. Qe6+ 1-0

[Event "Subotica-ch"]
[Site "Subotica"]
[Date "2014.02.26"]
[Round "4"]
[White "Kler, Borko"]
[Black "Bicskei, Mihaly"]
[Result "1-0"]
[WhiteElo "2254"]
[BlackElo "1853"]
[PlyCount "81"]
[EventDate "2014.02.19"]
[EventType "swiss"]
[EventRounds "9"]
[EventCountry "SRB"]
[SourceTitle "CBM 159 Extra"]
[Source "ChessBase"]
[SourceDate "2014.04.24"]
[SourceVersion "1"]
[SourceVersionDate "2014.04.24"]
[SourceQuality "1"]

1. e4 g6 2. d4 Bg7 3. Nc3 c6 4. Be3 d5 5. f3 dxe4 6. fxe4 h5 7. Bc4 Nh6 8. h3 b5 9. Bb3 a5 10. a4 b4 11. Nce2 e6 12. Nf3 Bb7 13. Ng5 Qe7 14. Qd2 Na6 15. 0-0-0 Nc7 16. Qe1 0-0-0 17. Qg3 f6 18. Nf3 g5 19. Kb1 Nf7 20. Nc1 Nd6 21. e5 Ne4 22. Qe1 g4 23. exf6 Bxf6 24. hxg4 hxg4 25. Rxh8 Rxh8 26. Nd2 Nxd2+ 27. Qxd2 Nd5 28. Nd3 Kc7 29. Nc5 Bc8 30. Bc4 Kb8 31. Qe2 Ka7 32. Bf2 Rg8 33. Ba6 Nf4 34. Qc4 g3 35. Bxc8 Rxc8 36. Bxg3 Bg5 37. Rf1 Rf8 38. Qa6+ Kb8 39. Qxc6 Rf7 40. d5 e5 41. Na6+ 1-0

[Event "Subotica-ch"]
[Site "Subotica"]
[Date "2014.02.24"]
[Round "3"]
[White "Takacs, Tibor"]
[Black "Bicskei, Mihaly"]
[Result "0-1"]
[WhiteElo "1998"]
[BlackElo "1853"]
[PlyCount "86"]
[EventDate "2014.02.19"]
[EventType "swiss"]
[EventRounds "9"]
[EventCountry "SRB"]
[SourceTitle "CBM 159 Extra"]
[Source "ChessBase"]
[SourceDate "2014.04.24"]
[SourceVersion "1"]
[SourceVersionDate "2014.04.24"]
[SourceQuality "1"]

1. e4 g6 2. d4 Bg7 3. Nf3 d6 4. Bc4 Nf6 5. Nbd2 0-0 6. 0-0 Nc6 7. c3 Na5 8. Bd3 c5 9. b4 cxb4 10. cxb4 Nc6 11. b5 Na5 12. Bb2 b6 13. Qe2 Bb7 14. Rac1 Qd7 15. Rfe1 e6 16. Bc3 Rfc8 17. Bxa5 bxa5 18. a4 Rxc1 19. Rxc1 Rc8 20. Rxc8+ Qxc8 21. Nc4 Qc7 22. Qe1 Bxe4 23. Bf1 Bxf3 24. gxf3 Nd5 25. Qxa5 Qxa5 26. Nxa5 Bxd4 27. Nc6 Bc5 28. Bc4 Nb6 29. Bb3 Nc8 30. Kf1 Kf8 31. Ke2 Ke8 32. f4 Kd7 33. f3 Kc7 34. Na5 Ne7 35. Nc4 Nd5 36. f5 gxf5 37. Nb2 Nf4+ 38. Kd2 d5 39. Bd1 Bg1 40. Kc3 Bxh2 41. a5 Bg1 42. Kb4 h5 43. Bc2 h4 0-1

[Event "Subotica-ch"]
[Site "Subotica"]
[Date "2014.02.21"]
[Round "2"]
[White "Bicskei, Mihaly"]
[Black "Rajic, Ivan"]
[Result "0-1"]
[WhiteElo "1853"]
[BlackElo "2020"]
[PlyCount "106"]
[EventDate "2014.02.19"]
[EventType "swiss"]
[EventRounds "9"]
[EventCountry "SRB"]
[SourceTitle "CBM 159 Extra"]
[Source "ChessBase"]
[SourceDate "2014.04.24"]
[SourceVersion "1"]
[SourceVersionDate "2014.04.24"]
[SourceQuality "1"]

1. e4 e5 2. Nf3 Nc6 3. Bb5 Bc5 4. 0-0 d6 5. c3 Bd7 6. d4 Bb6 7. Re1 Qe7 8. a4 a6 9. Bxc6 Bxc6 10. dxe5 dxe5 11. b4 Rd8 12. Qe2 Bd7 13. Ba3 Qf6 14. a5 Ba7 15. Nbd2 Ne7 16. c4 0-0 17. b5 Rfe8 18. Bb2 Ng6 19. g3 Bg4 20. Ra3 h5 21. Qf1 h4 22. Kh1 Rd6 23. h3 Be6 24. Bc3 Red8 25. Bb4 R6d7 26. Kg2 Bd4 27. Rd3 c5 28. bxc6 bxc6 29. Nxd4 Rxd4 30. Rxd4 exd4 31. f4 Bc8 32. f5 Ne5 33. g4 Bd7 34. Bc5 Qg5 35. Nf3 Nxf3 36. Kxf3 Rb8 37. Bb6 Qe7 38. c5 Qe5 39. Qf2 g5 40. Rd1 Qf4+ 41. Kg2 Qxe4+ 42. Kg1 Re8 43. Qxd4 Qf3 44. Qd3 Re1+ 45. Rxe1 Qxd3 46. Re7 Qg3+ 47. Kf1 Qxh3+ 48. Ke1 Qg3+ 49. Kd2 h3 50. Rxd7 h2 51. Bc7 Qf2+ 52. Kc3 Qxc5+ 53. Kb3 h1Q 0-1

[Event "Senta-ch"]
[Site "Senta"]
[Date "2014.02.09"]
[Round "6"]
[White "Bicskei, Mihaly"]
[Black "Kecskemeti, Arpad"]
[Result "0-1"]
[WhiteElo "1853"]
[BlackElo "1976"]
[PlyCount "128"]
[EventDate "2014.01.24"]
[EventType "swiss"]
[EventRounds "9"]
[EventCountry "SRB"]
[SourceTitle "EXT 2016"]
[Source "ChessBase"]
[SourceDate "2015.10.08"]
[SourceVersion "1"]
[SourceVersionDate "2015.10.08"]
[SourceQuality "1"]

1. e4 c5 2. Nf3 d6 3. d4 cxd4 4. Nxd4 Nf6 5. Nc3 a6 6. Bc4 e6 7. Bb3 Qc7 8. f4 b5 9. f5 b4 10. Ba4+ Kd8 11. e5 bxc3 12. exf6 gxf6 13. fxe6 Qa5 14. bxc3 Qe5+ 15. Qe2 Qxe2+ 16. Kxe2 fxe6 17. Be3 Kc7 18. Rab1 e5 19. Nf3 Nd7 20. Bxd7 Bxd7 21. Bb6+ Kc8 22. Ba5 Bb5+ 23. Kf2 Kd7 24. Rhd1 Kc6 25. Nd2 d5 26. a4 Bc5+ 27. Ke1 Bxa4 28. Nb3 Bd6 29. Rd2 Bb5 30. Rbd1 Bc4 31. Rf2 Raf8 32. Nd2 Bb5 33. Rf5 Kd7 34. Nb3 Ke6 35. Rh5 Rf7 36. Bb6 Rc8 37. Kd2 Rb7 38. Ba5 Bc4 39. Nc1 Rh8 40. Re1 Rb5 41. Bb4 Bxb4 42. cxb4 Rxb4 43. Re3 Kf7 44. Reh3 Kg6 45. Rh6+ Kg7 46. R6h4 Rb7 47. Rg3+ Kf7 48. Rh6 Ke6 49. Rf3 Rf7 50. g4 Rg8 51. h3 e4 52. Rf5 a5 53. Nb3 Bxb3 54. cxb3 Rg6 55. Rhh5 Rd7 56. Ke3 h6 57. Kd4 Rg5 58. Rxh6 Rxf5 59. gxf5+ Kxf5 60. h4 Rb7 61. Rh5+ Ke6 62. Kc3 e3 63. Rh8 d4+ 64. Kxd4 e2 0-1

[Event "Subotica Autumn op"]
[Site "Subotica"]
[Date "2012.12.23"]
[Round "9"]
[White "Bicskei, Mihaly"]
[Black "Bosnjak, Slobodan"]
[Result "0-1"]
[WhiteElo "1909"]
[BlackElo "1892"]
[PlyCount "116"]
[EventDate "2012.12.14"]
[EventType "swiss"]
[EventRounds "9"]
[EventCountry "SRB"]
[SourceTitle "EXT 2014"]
[Source "ChessBase"]
[SourceDate "2013.11.20"]
[SourceVersion "1"]
[SourceVersionDate "2013.11.20"]
[SourceQuality "1"]

1. d4 d5 2. c4 e6 3. Nf3 dxc4 4. e4 Bb4+ 5. Nc3 Bd7 6. Bxc4 Ne7 7. 0-0 0-0 8. a3 Ba5 9. b4 Bb6 10. Be3 c6 11. Qb3 Bc7 12. Rad1 Qc8 13. Bg5 Ng6 14. e5 b5 15. Bd3 a5 16. Ra1 Bd8 17. Rfc1 Bxg5 18. Nxg5 Qd8 19. Nce4 Nf4 20. Bf1 Nd5 21. Nf3 axb4 22. axb4 Na6 23. Nc5 Ndxb4 24. Nxa6 Nxa6 25. Bd3 Nc7 26. Qc2 g6 27. h4 Nd5 28. Qd2 Kg7 29. h5 Qe7 30. g3 h6 31. hxg6 fxg6 32. Nh4 Rxa1 33. Rxa1 Be8 34. Ra8 g5 35. Ng2 Qb4 36. Qa2 Qxd4 37. Bf1 Qxe5 38. Qa7+ Bf7 39. Rxf8 Kxf8 40. Qa8+ Kg7 41. Qxc6 b4 42. Qb5 Qc3 43. Bc4 Qd2 44. Qa6 Qd1+ 45. Kh2 Qd4 46. Qa2 e5 47. Ne3 Nxe3 48. Bxf7 Ng4+ 49. Kg2 Qe4+ 50. f3 Ne3+ 51. Kf2 Qd4 52. Ke2 Nd1 53. Qc4 Nc3+ 54. Kf1 Qd1+ 55. Kf2 Qd2+ 56. Kf1 Nd1 57. Kg1 Qe1+ 58. Kg2 Ne3+ 0-1